00262nam a2200097Ia 4500008004100000100002100041245004900062260002900111942000700140999001700147190216s9999||||xx |||||||||||||| ||und|| aThrimbuvan Singh 0aHindi-Adunik Hindi Kavitha Ki Swachand Dwara bMac Millian And Com. Ltd cBK c17013d17013